| 000 | 00339nam a2200121 4500 | ||
|---|---|---|---|
| 999 |
_c10750 _d10750 |
||
| 003 | OSt | ||
| 005 | 20220701133513.0 | ||
| 008 | 220701b ||||| |||| 00| 0 eng d | ||
| 100 | _aElizabeth wilhide | ||
| 245 | _aEco an essential source book for environmentally friendly design and decoration | ||
| 260 |
_aNew yark _bRizzoli |
||
| 942 | _2ddc | ||